000 00486nam a2200169 4500
001 131223
003 ES-MaACL
005 20230906193935.0
007 t|
008 070214s1971 sp r ||||1| spa d
100 1 _aRodoreda, Mercè.
_998166
245 1 0 _aAloma /
_cMercé Rodoreda ; versión castellana de J. F. Vidal Jove.
260 _aMadrid :
_bAl-Borak,
_c1971.
300 _a187 p. ;
_c21 cm.
700 1 _aVidal Jové, J. F.
_9114497
852 _aES-MaACL
_jC-39134
_bR.79063
999 _c131223
_d131223